ਰੋਜ਼ ਗੀਤ ਮੈਂ ਗਾਵਾਂ / (Record no. 80895)

MARC details
000 -LEADER
fixed length control field 01132nam a22002657a 4500
005 - DATE AND TIME OF LATEST TRANSACTION
control field 20180209121853.0
008 - FIXED-LENGTH DATA ELEMENTS--GENERAL INFORMATION
fixed length control field 131126b xxu||||| |||| 00| 0 eng d
010 ## - LCCN (DPL NO)
LC control number PUN-7728 B-577411-414 B-669854
020 ## - INTERNATIONAL STANDARD BOOK NUMBER
Terms of availability 275.00
035 ## - SYSTEM CONTROL NUMBER
System control number PN-6846 B-577411-414
035 ## - SYSTEM CONTROL NUMBER
System control number B-669854
037 ## - SOURCE OF ACQUISITION
Source of stock number/acquisition DBAD / PUB/Arsee Publishers
037 ## - SOURCE OF ACQUISITION
Source of stock number/acquisition Star publications/ven
040 ## - CATALOGING SOURCE
Original cataloging agency dpl
Language of cataloging pn
082 ## - DEWEY DECIMAL CLASSIFICATION NUMBER
Classification number 851
100 ## - MAIN ENTRY--PERSONAL NAME
Personal name ਪ੍ਰਭਜੋਤ ਕੋਰ
245 ## - TITLE STATEMENT
Title ਰੋਜ਼ ਗੀਤ ਮੈਂ ਗਾਵਾਂ /
Statement of responsibility, etc ਪ੍ਰਭਜੋਤ ਕੋਰ
246 ## - VARYING FORM OF TITLE
Title proper/short title Roz geet mai gawan
Remainder of title by Prabhjot Kaur
260 ## - PUBLICATION, DISTRIBUTION, ETC. (IMPRINT)
Place of publication, distribution, etc Delhi
Name of publisher, distributor, etc Arsee Publishers
Date of publication, distribution, etc 2013
270 ## - ADDRESS
City Delhi
Address Chandni Chowk
Telephone number 011-65966481
300 4# - PHYSICAL DESCRIPTION
Extent 166p.
Dimensions 22ਸੇਂਮੀ (ਸਜਿਲੱਦ)
942 ## - ADDED ENTRY ELEMENTS (KOHA)
Source of classification or shelving scheme Dewey Decimal Classification
Item type Punjabi Bks
Classification part 851
Call number suffix ਪ੍ਰਭਜੋ
Holdings
Withdrawn status Lost status Source of classification or shelving scheme Damaged status Not for loan Collection code Home library Current library Date acquired Source of acquisition Cost, normal purchase price Total Checkouts Full call number Barcode Date last seen Copy number Cost, replacement price Koha item type Total Renewals
    Dewey Decimal Classification     Non-fiction Ashok Vihar Ashok Vihar 31/01/2018 BPPD/SP/2256/27.2.2017/AV/16-17/16.2.2017/24.3.2017 275.00 1 851 ਪ੍ਰਭਜੋ B-669854 08/05/2019 1 275.00 Punjabi Bks 1
    Dewey Decimal Classification     Non-fiction Central Library Central Library 29/10/2014 BPPD/164/27.8.14/3624/4.9.14 275.00   851 ਪ੍ਰਭਜੋ B-577411 29/10/2014 1 275.00 Punjabi Bks  
    Dewey Decimal Classification     Non-fiction D.B.Act.Division D.B.Act.Division 27/11/2013 DBAD 275.00   851 ਪ੍ਰਭਜੋ PN-6846 27/11/2013 1 275.00 Punjabi Bks  
    Dewey Decimal Classification     Non-fiction Janak Puri Janak Puri 29/10/2014 BPPD/164/27.8.14/3624/4.9.14 275.00   851 ਪ੍ਰਭਜੋ B-577413 29/10/2014 1 275.00 Punjabi Bks  
    Dewey Decimal Classification     Non-fiction Patel Nagar Patel Nagar 29/10/2014 BPPD/164/27.8.14/3624/4.9.14 275.00   851 ਪ੍ਰਭਜੋ B-577412 29/10/2014 1 275.00 Punjabi Bks  
    Dewey Decimal Classification     Non-fiction Vinoba Puri Vinoba Puri 29/10/2014 BPPD/164/27.8.14/3624/4.9.14 275.00   851 ਪ੍ਰਭਜੋ B-577414 29/10/2014 1 275.00 Punjabi Bks  

© Delhi Public Library
Hit Counter
free hit counter